Ανακαλύπτοντας το κουκλοθέατρο! : πρόταση για τρισδιάστατη εκπαιδευτική εφαρμογή : μεταπτυχιακή διατριβή

Αποθηκεύτηκε σε:
Λεπτομέρειες βιβλιογραφικής εγγραφής
Κύριος συγγραφέας: Ζητάκη, Μαρία
Συγγραφή απο Οργανισμό/Αρχή: Πανεπιστήμιο Αιγαίου. Σχολή Κοινωνικών Επιστημών. Τμήμα Πολιτισμικής Τεχνολογίας και Επικοινωνίας. Πρόγραμμα Μεταπτυχιακών Σπουδών Πολιτισμική Πληροφορική και Επικοινωνία
Μορφή: Thesis Βιβλίο
Γλώσσα:Greek
Δημοσίευση: 2008.
Θέματα:
Διαθέσιμο Online:http://hdl.handle.net/11610/16422
Ετικέτες: Προσθήκη ετικέτας
Δεν υπάρχουν, Καταχωρήστε ετικέτα πρώτοι!

MARC

LEADER 00000cam a2200000 i 4500
001 1/1469
008 090911s2008 gr | || |||| ||gre||
035 |l 10105608 
040 |a GR-MyUa  |b gre  |e AACR2 
041 0 |a gre 
082 7 |a 006.6   |2 (22) 
100 1 |a Ζητάκη, Μαρία. 
245 1 0 |a Ανακαλύπτοντας το κουκλοθέατρο! :   |b πρόταση για τρισδιάστατη εκπαιδευτική εφαρμογή : μεταπτυχιακή διατριβή /   |c Ζητάκη Μαρία ; επιβλέπουσα: Ε. Μυριβήλη. 
260 |c 2008.  
300 |a 73 σ. ;   |c 30 εκ. 
502 |a Διατριβή (μεταπτυχιακή) – Πανεπιστήμιο Αιγαίου, Λέσβος, 2008. 
504 |a Βιβλιογραφία: σ. 71-73. 
650 0 0 |a Puppet theater in education. 
650 0 0 |a Puppet theater. 
650 0 0 |a Computer graphics. 
650 0 0 |a Computer graphics  |x Computer programs. 
650 0 0 |a Media programs (Education) 
650 0 0 |a Dissertations, Academic  |z Greece. 
700 1 |a Μυριβήλη, Ελένη,  |e dgs 
710 2 |a Πανεπιστήμιο Αιγαίου.   |b Σχολή Κοινωνικών Επιστημών.   |b Τμήμα Πολιτισμικής Τεχνολογίας και Επικοινωνίας.   |b Πρόγραμμα Μεταπτυχιακών Σπουδών Πολιτισμική Πληροφορική και Επικοινωνία. 
852 |a INST  |b LESVOS  |c DIATR  |e 20090911  |h 175  |p 005100045499  |q 005100045499  |t MTXE  |y 23 
852 |a INST  |b LESVOS  |c DIATR  |e 20090911  |h 176  |p 005100045500  |q 005100045500  |t MTXE  |y 23 
856 |u http://hdl.handle.net/11610/16422 
901 |a BIBL1-2009-3 
924 |a Ζητάκη  |b Μαρία  |y Λέσβος  |z 2008-11 
970 |a ΤΖΑΦΕΡΗ  |b ΕΥΑΓΓΕΛΙΑ  |z 2009/09/11